Shortest Words - J - Statistics

General Stats
  • This quiz has been taken 40 times
  • The average score is 18 of 23
Answer Stats
Answer % Correct
jo
100%
jam
91%
jab
89%
jet
89%
job
89%
jot
89%
jar
86%
joy
86%
jog
83%
jug
83%
jut
83%
jin
80%
jow
80%
jag
77%
jaw
77%
jay
77%
jig
77%
joe
74%
jib
71%
jee
66%
jun
66%
jus
66%
jeu
60%
No matching quizzes found
Score Distribution
Percent of People with Each Score
Percentile by Number Answered
Your Score History
You have not taken this quiz